| 000 | 00501nam a2200181Ia 4500 | ||
|---|---|---|---|
| 999 |
_c27908 _d27908 |
||
| 003 | OSt | ||
| 005 | 20201204114834.0 | ||
| 008 | 190216s9999||||xx |||||||||||||| ||und|| | ||
| 020 | _a8171806910 | ||
| 040 | _coclc | ||
| 082 |
_a894.8124 _bDAS/V |
||
| 100 |
_aDas, I V _97202 |
||
| 245 | 0 |
_aVayana Marikkunnilla / _cI V Das |
|
| 260 |
_bPoorna Publications, _aKozhikode: _c1999. |
||
| 300 | _a173p | ||
| 650 | _aLekhanam | ||
| 942 |
_cBK _2ddc _h894.8124 _iDAS/V _k894.8124 _mDAS/V |
||